la Filmographie de Jack Nicholson - Statistiques

Statistiques générales
  • Ce quiz a été pris 109 fois
  • Le résultat moyen est 10 sur 60
Statistiques - réponses
Année Film % Correct
1980 Shining
92%
1975 Vol au-dessus d'un nid de coucou
89%
1989 Batman
82%
1974 Chinatown
57%
2006 Les infiltrés
57%
1997 Pour le pire et pour le meilleur
42%
1992 Des hommes d'honneur
39%
1969 Easy Rider
38%
1994 Wolf
37%
1987 Les sorcières d'Eastwick
35%
1996 Mars Attacks!
34%
2001 The pledge
27%
1983 Tendres passions
23%
1975 Profession: reporter
22%
1992 Hoffa
20%
1976 Le dernier Nabab
20%
1981 Le facteur sonne toujours deux fois
20%
2003 Tout peut arriver
20%
2008 Sans plus attendre
19%
2003 Self control
19%
1985 L'honneur des Prizzi
16%
1976 Missouri breaks
16%
2002 Monsieur Schmidt
15%
2010 Comment savoir
14%
1970 Cinq pièces faciles
13%
1987 Ironweed
13%
1981 Reds
13%
1995 Crossing guard
11%
1960 La petite boutique des horreurs
11%
1986 La brûlure
10%
1973 La dernière corvée
10%
1990 The two Jakes
10%
1978 En route vers le sud
9%
1975 Tommy
9%
1996 Blood and wine
6%
1992 Man trouble
6%
1963 Le corbeau
5%
1982 Police frontière
5%
1975 La bonne fortune
4%
1958 The cry baby killer
4%
1971 A safe place
3%
1964 Back door to hell
3%
1971 Ce plaisir qu'on dit charnel
3%
1986 Elephant's child
3%
1964 Ensign Pulver
3%
1996 Etoile du soir
3%
1964 Flight to fury
3%
1967 L'affaire Al Capone
3%
1967 La mort tragique de Leland Drum
3%
1967 Le retour des anges de l'enfer
3%
1970 Les motos de la violence
3%
1963 L'halluciné
3%
1965 L'ouragan de la vengeance
3%
1970 Melinda
3%
1968 Psych-out
3%
1960 Studs Lonigan
3%
1962 The broken land
3%
1972 The king of Marvin Gardens
3%
1960 The wild ride
3%
1960 Too soon to love
3%
Aucun quiz correspondant
Distribution des résultats
% des personnes avec chaque résultat
Percentile par nombre de réponses
Votre historique - résultats
Vous n’avez pas pris ce quiz